Bilecik Bilecik Bilecik Bilecik Bilecik

Devlet yönetim bilimi, kamu yönetimi, bürokrasi, yerel yönetimler : (Record no. 26664)

MARC details
000 -BAŞLIK
Sabit Uzunluktaki Kontrol Alanı 01439nam a22003977a 4500
001 - KONTROL NUMARASI
Control Dosyası 0026726
003 - KONTROL NUMARASI KİMLİĞİ
Kontrol Alanı KOHA_MİRAKIL
005 - EN SON İŞLEM TARİHİ ve ZAMANI
Kontrol Alanı 20260207002536.0
007 - FİZİKSEL TANIM SABİT ALAN - GENEL BİLGİ
Sabit uzunluklu kontrol alanı ta
008 - SABİT UZUNLUKTAKİ VERİ ÖGELERİ - GENEL BİLGİ
Sabit Alan 101229b2010 tu |||grn|||#0|||0|tur |
020 ## - ISBN - ULUSLARARASI STANDART KİTAP NUMARASI
Isbn 9789754828832
040 ## - KATALOGLAMA KAYNAĞI
Özgün Kataloglama Kurumu TR-BiSEU
Kataloglama Dili tur
Çeviri Kurumu TR-BiSEU
Açıklama Kuralları rda
041 0# - DİL KODU
Metin ya da ses kaydının dil kodu tur
044 ## - YAYINLAYAN/ÜRETEN KURULUŞUN ÜLKE KODU
ISO country code tu
050 ## - SINIFLAMA ve YER NUMARASI
Sınıflama Numarası JS78
Yer Numarası .D49 2010
245 0# - ESER ADI BİLDİRİMİ
Başlık Devlet yönetim bilimi, kamu yönetimi, bürokrasi, yerel yönetimler :
Alt Eseradı vb. Prof. Dr. Kurthan Fişek için yönetim üzerine/
Sorumluluk Bildirimi yay. haz. : İpek Özkal Sayan.
264 #1 - ÜRERİM, YAYIN, DAĞITIM ve TELİF BİLDİRİMİ
Yayın yeri Ankara :
Yayınlayan Ankara Üniversitesi Siyasal Bilgiler Fakültesi
Yayın tarihi 2010
300 ## - FİZİKSEL TANIMLAMA
Sayfa, Cilt vb. viii, 382 s. ;
Boyutları 24 cm.
336 ## - İÇERİK TÜRÜ
Content type term metin
Content type code txt
Source rdacontent
337 ## - MEDYA TÜRÜ
Media type term aracısız
Media type code n
Source rdamedia
338 ## - TAŞIYICI TÜRÜ
Carrier type term cilt
Carrier type code nc
Source rdacarrier
490 1# - DİZİ BİLDİRİMİ
Dizi Bildirimi Ankara Ünivrsitesi Yayınları ;
Cilt Numarası 266.
490 1# - DİZİ BİLDİRİMİ
Dizi Bildirimi Ankara Üniversitesi Siyasal Bilgiler Fakültesi ;
Cilt Numarası 600.
490 1# - DİZİ BİLDİRİMİ
Dizi Bildirimi Kamu Yönetimi ve Uygulama Merkezi (KAYAUM) ;
Cilt Numarası 7.
500 ## - GENEL NOT
Genel Not Dizin var.
500 ## - GENEL NOT
Genel Not Kaynakça var.
650 #0 - KONU BAŞLIĞI EK GİRİŞ - KONU TERİMİ
Konusal terim veya coğrafi ad Kamu yönetimi.
9 (RLIN) 4578
650 #0 - KONU BAŞLIĞI EK GİRİŞ - KONU TERİMİ
Konusal terim veya coğrafi ad Public administration.
9 (RLIN) 27426
650 #0 - KONU BAŞLIĞI EK GİRİŞ - KONU TERİMİ
Konusal terim veya coğrafi ad Yerel yönetim.
9 (RLIN) 52990
650 #0 - KONU BAŞLIĞI EK GİRİŞ - KONU TERİMİ
Konusal terim veya coğrafi ad Local government.
9 (RLIN) 36500
830 1# - SERİ EK GİRİŞİ - TEKBİÇİM ESER ADI
Tekbiçim Başlık Ankara Ünivrsitesi Yayınları ;
Volume number/sequential designation 266.
9 (RLIN) 52991
830 1# - SERİ EK GİRİŞİ - TEKBİÇİM ESER ADI
Tekbiçim Başlık Ankara Üniversitesi Siyasal Bilgiler Fakültesi ;
Volume number/sequential designation 600.
9 (RLIN) 52992
830 1# - SERİ EK GİRİŞİ - TEKBİÇİM ESER ADI
Tekbiçim Başlık Kamu Yönetimi ve Uygulama Merkezi (KAYAUM) ;
Volume number/sequential designation 7.
9 (RLIN) 52993
907 ## - LOCAL DATA ELEMENT G, LDG (RLIN)
a Araştırma
942 ## - EK GİRİŞ ÖGELERİ (KOHA)
Source of classification or shelving scheme Library of Congress Classification
Koha item type Book
Holdings
Materyal Türü Kalıcı Konum Mevcut Konum Raf Yeri Sınıflandırma Kaynağı Edinim Bilgisi Ana Konular Alt Konular Yer Numarası Demirbaş Numarası Fatura Tarihi Geri Çekilme Durumu Kayıp Durumu Hasarlı Durumu Kredi için değil Kayıt Tarih Toplam Ödünçverme Son Görülme Tarihi Son Kontrol Tarihi Genel / Bağış Notu
Book Prof. Dr. Azmi Özcan Kütüphanesi Prof. Dr. Azmi Özcan Kütüphanesi Uluğbey Salonu Library of Congress Classification Bağış SİYASET BİLİMİ Yerel Yönetim, Belediye Yönetimi JS78 .D49 2010 0026726 02/02/2026         29/12/2010 1 05/12/2024 05/12/2024 Genel Bağış